| Tag |
First Indicator |
Second Indicator |
Subfields |
| LEADER |
00000cam a2200000 4500 |
| 001 |
in00000163243 |
| 005 |
20151008072835.0 |
| 008 |
791112s1951 mau 00010 eng d |
| 035 |
|
|
|a (OCoLC)05684090
|
| 035 |
|
|
|9 AAS7132AM
|
| 040 |
|
|
|a TXA
|c TXA
|d UtOrBLW
|
| 041 |
0 |
|
|a eng
|a lat
|
| 049 |
|
|
|a TXAM
|c [211641]
|
| 090 |
|
|
|a PA6156
|b .L7 1951
|
| 100 |
0 |
|
|a Lucan,
|d 39-65.
|
| 245 |
1 |
0 |
|a Lucan /
|c with an English translation by J. D. Duff; the Civil war, books I-X.
|
| 264 |
|
1 |
|a Cambridge :
|b Harvard University Press,
|c 1951.
|
| 300 |
|
|
|a xv, 638 pages
|
| 336 |
|
|
|a text
|b txt
|2 rdacontent
|
| 337 |
|
|
|a unmediated
|b n
|2 rdamedia
|
| 338 |
|
|
|a volume
|b nc
|2 rdacarrier
|
| 490 |
1 |
|
|a The Loeb classical library. [Latin authors]
|
| 500 |
|
|
|a Latin and English on opposite pages.
|
| 650 |
|
0 |
|a Pharsalus, Battle of, Farsala, Greece, 48 B.C.
|
| 651 |
|
0 |
|a Rome
|x History
|y Civil War, 49-45 B.C.
|
| 700 |
1 |
|
|a Duff, J. D.
|q (James Duff),
|d 1860-1940.
|
| 830 |
|
0 |
|a Loeb classical library.
|
| 999 |
|
|
|a MARS
|
| 999 |
f |
f |
|s f001587b-09fd-35f5-816b-a2b8d5347e37
|i ccad31ee-8cad-38c6-8627-a4a3ffa0ab76
|t 0
|
| 952 |
f |
f |
|p normal
|a Texas A&M University
|b College Station
|c Sterling C. Evans Library
|d Evans: Library Stacks
|t 0
|e PA6156 .L7 1951
|h Library of Congress classification
|i unmediated -- volume
|m A14803553724
|
| 998 |
f |
f |
|a PA6156 .L7 1951
|t 0
|l Evans: Library Stacks
|